Self-sealing waste valves for domestic use (Record no. 107434)
[ view plain ]
| 000 -LEADER | |
|---|---|
| fixed length control field | 01287cam a22002775a 4500 |
| 001 - CONTROL NUMBER | |
| control field | L140134 |
| 008 - FIXED-LENGTH DATA ELEMENTS--GENERAL INFORMATION | |
| fixed length control field | 070905s2007 xxka f 000 0 eng d |
| 020 ## - INTERNATIONAL STANDARD BOOK NUMBER | |
| International Standard Book Number | 9781860819582 |
| 035 ## - SYSTEM CONTROL NUMBER | |
| System control number | (Sirsi) u140134 |
| 041 0# - LANGUAGE CODE | |
| Language code of text/sound track or separate title | eng |
| 050 04 - LIBRARY OF CONGRESS CALL NUMBER | |
| Classification number | 696.182 $2 18 |
| 100 1# - MAIN ENTRY--PERSONAL NAME | |
| Personal name | White, M. K. |
| 245 00 - TITLE STATEMENT | |
| Title | Self-sealing waste valves for domestic use |
| Remainder of title | an assessment |
| 260 ## - PUBLICATION, DISTRIBUTION, ETC. | |
| Place of publication, distribution, etc. | Garston |
| Name of publisher, distributor, etc. | IHS BRE |
| Date of publication, distribution, etc. | 2007 |
| 300 ## - PHYSICAL DESCRIPTION | |
| Extent | 8p. |
| Other physical details | ill. |
| Dimensions | 30cm. |
| 490 #0 - SERIES STATEMENT | |
| Series statement | BRE Information Paper |
| Volume/sequential designation | IP 8/07 |
| 520 ## - SUMMARY, ETC. | |
| Summary, etc. | Presents the results of a programme of laboratory and field testing, assessing the performance of self-sealing waste valves under a range of operating conditions. Summarises the main features of the valve, and illustrates its suitability for use as a waste valve for sanitary appliances, and also as an air-admittance valve for domestic buildings. The guidance has been revised to cover new developments in available products and the references incorporate revised and new standards. |
| 520 ## - SUMMARY, ETC. | |
| Summary, etc. | Supersedes IP 5/05 (ISBN 1860817467). |
| 590 ## - LOCAL NOTE (RLIN) | |
| Local note | KA |
| 651 #4 - SUBJECT ADDED ENTRY--GEOGRAPHIC NAME | |
| Geographic name | United Kingdom |
| Chronological subdivision | |
| 690 ## - LOCAL SUBJECT ADDED ENTRY--TOPICAL TERM (OCLC, RLIN) | |
| Topical term or geographic name as entry element | BUILT ENVIRONMENT-BUILDING SERVICES-BUILDING SERVICES ENGINEERING-PLUMBING |
| 700 1# - ADDED ENTRY--PERSONAL NAME | |
| Personal name | Griggs, J. C. |
| 700 1# - ADDED ENTRY--PERSONAL NAME | |
| Personal name | Sutcliffe, S. |
| 710 2# - ADDED ENTRY--CORPORATE NAME | |
| Corporate name or jurisdiction name as entry element | Building Research Establishment |
| 942 ## - ADDED ENTRY ELEMENTS (KOHA) | |
| Suppress in OPAC | 0 |
| Withdrawn status | Lost status | Source of classification or shelving scheme | Damaged status | Not for loan | Home library | Current library | Shelving location | Date acquired | Total Checkouts | Full call number | Barcode | Date last seen | Copy number | Price effective from | Koha item type |
|---|---|---|---|---|---|---|---|---|---|---|---|---|---|---|---|
| Dewey Decimal Classification | London | London | BRE publications | 10/09/2007 | ENQUIRY DESK | 30074280 | 06/08/2019 | 1 | 06/08/2019 | Book |